Portrait Techniques. (Record no. 273219)

MARC details
000 -LEADER
fixed length control field 00464nam a2200181Ia 4500
008 - FIXED-LENGTH DATA ELEMENTS--GENERAL INFORMATION
fixed length control field 090630s9999 xx 000 0 und d
082 ## - DEWEY DECIMAL CLASSIFICATION NUMBER
Item number 21363
100 ## - MAIN ENTRY--PERSONAL NAME
Personal name Chari Aditya N.
245 ## - TITLE STATEMENT
Title Portrait Techniques.
Statement of responsibility, etc Chari Aditya N.
260 ## - PUBLICATION, DISTRIBUTION, ETC. (IMPRINT)
Name of publisher, distributor, etc Grace Park -Girgaon.
Date of publication, distribution, etc 2001
300 ## - PHYSICAL DESCRIPTION
Extent 64
600 ## - SUBJECT ADDED ENTRY--PERSONAL NAME
Personal name Chari Aditya N.
630 ## - SUBJECT ADDED ENTRY--UNIFORM TITLE
Uniform title Portrait Techniques.
655 ## - INDEX TERM--GENRE/FORM
Genre/form data or focus term English.
700 ## - ADDED ENTRY--PERSONAL NAME
Personal name Chari Aditya N.
730 ## - ADDED ENTRY--UNIFORM TITLE
Uniform title Portrait Techniques.
942 ## - ADDED ENTRY ELEMENTS (KOHA)
Koha item type Book
Holdings
Withdrawn status Lost status Damaged status Not for loan Home library Current library Date acquired Cost, normal purchase price Total Checkouts Full call number Barcode Date last seen Cost, replacement price Price effective from Koha item type
        Sarvajanik Wachanalaya Shrivardhan Sarvajanik Wachanalaya Shrivardhan 10/04/2002 120.00   21363 SAWASHRI-21363 06/30/2009 120.00 06/30/2009 Book